000 00640nam a2200217Ia 4500
003 GCL
008 140319s9999 xx 000 0 ara d
040 _aGCL /
_cGCL
082 0 4 _a811.094
_bف ا
100 1 _aفوزى عطوى
245 1 0 _aاحمد راجى الانسان والشاعر الغنائى /
_cفوزى عطوى
260 _a[S.N] :
_bدار الفكر اللبنانى ،
_c1987
300 _a654 ص
490 _a
650 0 4 _aالشعر العربى
650 0 4 _aالعصر الحديث
650 0 4 _aالتراجم
650 0 4 _aالشعر الغنائى
650 0 4 _aاحمد رامى
942 _2ddc
_cBK
999 _c55927
_d55927